00310nam a2200121Ia 4500008004100000041001200041082001100053100002100064245007300085260000600158650000600164700001800170221030s9999 xx 000 0 und d aEnglish a105.23 aC. M. Srivastava 0aScience of Engineering Materialscby C. M. Srivastava, C. Srinivasan c0 aB aC. Srinivasan